Network and Discrete Location: Models, Algorithms, and Applications
Gespeichert in:
| 1. Verfasser: | |
|---|---|
| Format: | Unbekannt |
| Veröffentlicht: |
Hoboken, NJ., USA:
John Wiley & Sons, Inc.,
2013.
|
| Ausgabe: | Second edition. |
| Schlagworte: | |
| Tags: |
Tag hinzufügen
Keine Tags, Fügen Sie den ersten Tag hinzu!
|
MARC
| LEADER | 00000 a2200000 4500 | ||
|---|---|---|---|
| 003 | CL-VaPUC | ||
| 005 | 20221006133753.0 | ||
| 008 | 220930t2013 ||||| |||| 00| 0 eng d | ||
| 999 | |c 438535 |d 438533 | ||
| 020 | |a 978-0470905364 | ||
| 040 | |c Pontificia Universidad Católica de Valparaíso | ||
| 082 | |a 658.2100156 DAS 2013 | ||
| 100 | |a Daskin, Mark S |9 499144 |e author | ||
| 245 | |a Network and Discrete Location: Models, Algorithms, and Applications | ||
| 250 | |a Second edition. | ||
| 260 | |a Hoboken, NJ., USA: |b John Wiley & Sons, Inc., |c 2013. | ||
| 300 | |a 516 páginas. | ||
| 583 | |k GC |c 20220930 | ||
| 650 | |a Localización industrial |x Modelos matemáticos |9 877298 | ||
| 942 | |2 ddc |c BK | ||
| 952 | |0 0 |1 0 |2 ddc |4 0 |6 658_210015600000000_DAS_2013 |7 0 |8 A |9 587020 |a BIBING |b BIBING |c GEN |d 2022-09-30 |e 1 |g 162898.00 |i 5654938 |l 1 |o 658.2100156 DAS 2013 |p 5654938 |r 2025-01-20 |s 2024-11-13 |t 1 |v 162898.00 |w 2022-09-30 |y BK |k EII | ||